| 000 | 00385nam a2200145Ia 4500 | ||
|---|---|---|---|
| 008 | 150201s2011 xx 000 0 und d | ||
| 082 |
_a617.601 _bP2011 |
||
| 100 | _aSIKRI, POONAM | ||
| 245 | _aPUBLIC HEALTH DENTISTRY | ||
| 250 | _a1ST | ||
| 260 |
_bC.B.S PUBLISHERS & DISTRIBUTERS _aDELHI _c2011 |
||
| 300 | _a1-538 | ||
| 650 | _aPREVENTIVE AND COMMUNITY DENTISTRY | ||
| 942 |
_2ddc _cBK |
||
| 999 |
_c4609 _d4609 |
||